Infografías de la Antigua Roma

Gespeichert in:
Bibliographische Detailangaben
1. Verfasser: Guillerat, Nicolás (diseño de datos)
Weitere Verfasser: Scheid, John, Melocco, Milan, Furió, Silvia (traducción castellana)
Format: Unbekannt
Sprache:Englisch
Veröffentlicht: Barcelona, España. Crítica, 2021
Schlagworte:
Tags: Tag hinzufügen
Keine Tags, Fügen Sie den ersten Tag hinzu!

MARC

LEADER 00000 a2200000 4500
003 CL-VaPUC
005 20220111103420.0
008 211129b2021 ||||| |||| 00| 0 eng d
999 |c 433994  |d 433992 
020 |a 978-8491993360 
040 |c Pontificia Universidad Católica de Valparaíso 
082 7 |a 937.06 GUIL 2021  |2 22 
100 1 |a Guillerat, Nicolás   |9 864194  |e diseño de datos 
245 1 0 |a Infografías de la Antigua Roma 
260 |a Barcelona, España.   |b Crítica,   |c 2021 
300 |a 133 páginas;  |b  ilustraciones  
526 |a A partir de los numerosos datos que nos ofrecen las fuentes de la antigüedad a lo largo de doce siglos de historia, este volumen recrea mediante infografías la civilización romana no tanto en función de un relato cronológico lineal, sino a partir de temas y procesos transversales: la formación de un imperio, la ciudadanía y la relación con los que no forman parte del cuerpo cívico, el gobierno y la administración a lo largo de los siglos, la religión, la economía y, especialmente, la guerra como motor del cambio y el crecimiento de Roma, que pasó de ser una ciudad-estado más en la península Itálica a ser la cabeza de un imperio sobre tres continentes y alrededor del mar Mediterráneo. En un riguroso enfoque histórico y a partir de las mejores fuentes internacionales pero con la constante preocupación por la claridad, los autores ofrecen un libro único, tan importante por la masa de datos que recoge como por su excepcional propuesta gráfica. 
583 |k Cristina María Rojas Aguilar  |c 20211129 
650 0 |a Imperio romano  |9 865287  |x Historia 
651 0 |a Roma  |9 863919  |x Historia antigua 
700 |a Scheid, John   |9 864963 
700 |a Melocco, Milan   |9 864964 
700 |a Furió, Silvia   |e traducción castellana   |9 864965 
942 |2 ddc  |c BK 
952 |0 0  |1 0  |2 ddc  |4 0  |6 937_060000000000000_GUIL_2021  |7 0  |8 A  |9 579356  |a BIBHIS  |b BIBHIS  |d 2021-11-22  |e 36  |g 22624.00  |i 5627052  |o 937.06 GUIL 2021  |p 5627052  |r 2023-01-25  |t 1  |v 22624.00  |w 2021-11-22  |y BK  |k HIS